00648 2200253 4500001002100000005001700021008004100038035002400079082001000103090002000113100001000133245005000143260002800193300002400221440003100245650001800276700001800294850001600312980001500328985000600343999001500349999001500364999001500379YOGYA-0209000004086720090227025716.0 ind  0010-020900000040867 a741.5 a741.5bWuG MlK aWu, G aMarks & spencercG. Wu ; editor, Diane Novita aJakartabGrasindoc2006 a62 hlmbilusc29 cm aSeri biografi orang sukses aKomik, bacaan aNovita, Diane aYOPDYOG (B) a31-10-2007 a3 a07B0029445 a07B0029446 a07B0029447